| 000 | 00652nam a2200301Ia 4500 | ||
|---|---|---|---|
| 005 | 20260401122253.0 | ||
| 008 | 008 250103s9999 xx 000 0 eng d | ||
| 020 | _a826477054 | ||
| 037 | _aTB | ||
| 040 | _aEDL | ||
| 040 | _beng | ||
| 040 | _cEDL | ||
| 041 | _2eng | ||
| 041 | _aeng | ||
| 084 | _a791.4301 DEL | ||
| 084 | _qEDL | ||
| 100 |
_aDeleuze, Gilles _91232926 |
||
| 245 | 0 | _aCinema 1: Movement-Image | |
| 245 | 0 | _cDeleuze, Gilles | |
| 260 | _aLondon | ||
| 260 | _bContinuum | ||
| 260 | _c2005 | ||
| 300 | _a259p | ||
| 942 | _cTB | ||
| 942 | _h791.4301 DEL | ||
| 999 |
_c1846104 _d1846104 |
||